Immunology : (Record no. 8278)

MARC details
000 -LEADER
fixed length control field 02271cam a22003494a 4500
001 - CONTROL NUMBER
control field 13033871
003 - CONTROL NUMBER IDENTIFIER
control field OSt
005 - DATE AND TIME OF LATEST TRANSACTION
control field 20240322182725.0
008 - FIXED-LENGTH DATA ELEMENTS--GENERAL INFORMATION
fixed length control field 021218s2003 njua b 001 0 eng
010 ## - LIBRARY OF CONGRESS CONTROL NUMBER
LC control number 2002156133
020 ## - INTERNATIONAL STANDARD BOOK NUMBER
International Standard Book Number 0471226890
040 ## - CATALOGING SOURCE
Original cataloging agency DLC
Transcribing agency DLC
Modifying agency DLC
042 ## - AUTHENTICATION CODE
Authentication code pcc
082 00 - DEWEY DECIMAL CLASSIFICATION NUMBER
Classification number QW 4
Item number C6641 2003
100 1# - MAIN ENTRY--PERSONAL NAME
Personal name Coico, Richard.
9 (RLIN) 16925
245 10 - TITLE STATEMENT
Title Immunology :
Remainder of title a short course /
Statement of responsibility, etc. Richard Coico, Geoffrey Sunshine, and Eliezer Benjamini.
250 ## - EDITION STATEMENT
Edition statement 5th ed.
260 ## - PUBLICATION, DISTRIBUTION, ETC. (IMPRINT)
Place of publication, distribution, etc. Hoboken, N.J. :
Name of publisher, distributor, etc. Wiley-Liss,
Date of publication, distribution, etc. 2003.
300 ## - PHYSICAL DESCRIPTION
Extent xxv, 361 p. :
Other physical details col. ill. ;
Dimensions 28 cm.
500 ## - GENERAL NOTE
General note Previous ed. cataloged under: Benjamini, Eli.
504 ## - BIBLIOGRAPHY, ETC. NOTE
Bibliography, etc Includes bibliographical references and index.
505 0# - FORMATTED CONTENTS NOTE
Formatted contents note Introduction and overview -- Elements of innate and acquired immunity -- Immunogens and antigens -- Antibody structure and function -- Antigen-antibody interactions, immune assays, and experimental systems -- The genetic basis of antibody structure -- Biology of the B lymphocyte -- Biology of the T lymphocyte -- The role of the major histocompatability complex in the immune response -- Activation and function of T and B cells by antigen -- Cytokines -- Tolerance, and autoimmunity -- Complement -- Hypersensitivity reactions: antibody-mediated (type I) reactions -- Hypersensitivity reactions: antibody-mediated (type II) cytotoxic reactions and immune complex (type III) reactions -- Hypersensitivity reactions: T-cell-mediated (type IV) delayed-type hypersensitivity -- Immunodeficiency disorders and neoplasias of the lymphoid system -- Transplantation -- Tumor immunology -- Resistance and immunization to infectious diseases.
650 #0 - SUBJECT ADDED ENTRY--TOPICAL TERM
Topical term or geographic name as entry element Immunology.
9 (RLIN) 1416
700 1# - ADDED ENTRY--PERSONAL NAME
Personal name Sunshine, Geoffrey.
9 (RLIN) 16926
700 1# - ADDED ENTRY--PERSONAL NAME
Personal name Benjamini, Eli.
9 (RLIN) 16927
856 42 - ELECTRONIC LOCATION AND ACCESS
Materials specified Contributor biographical information
Uniform Resource Identifier http://www.loc.gov/catdir/bios/wiley047/2002156133.html
856 42 - ELECTRONIC LOCATION AND ACCESS
Materials specified Publisher description
Uniform Resource Identifier http://www.loc.gov/catdir/description/wiley037/2002156133.html
856 41 - ELECTRONIC LOCATION AND ACCESS
Materials specified Table of contents
Uniform Resource Identifier http://www.loc.gov/catdir/toc/wiley031/2002156133.html
906 ## - LOCAL DATA ELEMENT F, LDF (RLIN)
a 7
b cbc
c orignew
d 1
e ecip
f 20
g y-gencatlg
942 ## - ADDED ENTRY ELEMENTS (KOHA)
Source of classification or shelving scheme Other/Generic Classification Scheme
Koha item type Open Shelf
Holdings
Withdrawn status Lost status Source of classification or shelving scheme Damaged status Not for loan Home library Current library Date acquired Source of acquisition Inventory number Total Checkouts Full call number Barcode Date last seen Date last checked out Price effective from Koha item type
    Other/Generic Classification Scheme     MUST Main Library MUST Main Library 22/03/2024 Donation 2011/33268 1 QW 4 C6641 2003 2024-0096 05/04/2024 22/03/2024 22/03/2024 Open Shelf